000 01077nam a22002657a 4500
001 BD-DhSAU 9278
003 BD-DhSAU
005 20221214153911.0
008 150613b2018 bg a|||| m||| 00| 0 eng d
040 _aBD-DhSAU
082 _222
_a630
_bSa194
100 _aSAHA, TONUSREE
_eRegistration No. # 14-05867
245 _aRole of phytohormones in mitigating waterlogging stress in soybean /
_bMS thesis
260 _aSher-e-Bangla Agricultural University :
_bDepartment of Agronomy,
_c2020
300 _axvii, 111p. :
_bill. ;
_c30 cm.
500 _aMS thesis of Department of Agonomy, Faculty of Agriculture, Sher-e-Bangla Agricultural University, Dhaka, Bangladesh
504 _aIncludes bibliographical reference.
590 _aNazmul
650 _aphytohormones
650 _amitigating waterlogging stress in soybean
700 _aProf. Dr. Mirza Hasanuzzaman
_eSuperviser
700 _aAssio. Prof. Shimul Chandra Sarkar
_eCo-superviser
856 _uhttp://archive.saulibrary.edu.bd:8080/xmlui/handle/123456789/4523
942 _2ddc
_cTHESIS
999 _c16378
_d16377